| 000 | 00646cab a2200229 4500 | ||
|---|---|---|---|
| 001 | ABS49809 | ||
| 008 | 090401t1994 xxu||||| |||| 00| 0 eng d | ||
| 035 | _a(Sirsi) u72818 | ||
| 041 | _aeng | ||
| 100 | _aEldridge, B. | ||
| 245 | _aOutlook for 1994 | ||
| 260 | _c1994 | ||
| 350 | _a0 | ||
| 490 |
_aMoney Management _vJanuary 1994 (3) |
||
| 520 | _aAnalyses the indicators to assess the likely rate of recovery in the housing market in 1994. | ||
| 650 | _aFORECASTS | ||
| 650 | _aHOUSE PRICES | ||
| 650 | _aHOUSING MARKET | ||
| 690 | _aPROPERTY-RESIDENTIAL PROPERTY-RESIDENTIAL PROPERTY MARKET | ||
| 942 | _n0 | ||
| 948 | _c04/03/1997 | ||
| 999 |
_c46020 _d46020 |
||